Flor de primavera mexicana : la Virgen de Guadalupe en los sermones novohispanos /

El título del libro remite al primer poema guadalupano de Sigüenza y Góngora llamado Primavera Indiana, pues de manera similar a la reivindicación que el entonces jesuita hace de la Virgen de Guadalupe como elemento constitutivo de la identidad temprana de los mexicano, así los sermones novohispanos...

ver descrição completa

Na minha lista:
Detalhes bibliográficos
Autor principal: Mayer, Alicia (autor)
Outros Autores: Narro Robles, José (presentación) (presentación), Fuente, Juan Ramón de la (prólogo) (prólogo)
Formato: Livro
Idioma:espanhol
Publicado em: México : UNAM, Instituto de Investigaciones Históricas : GM Editores : Espejo de Obsidiana, 2010, c2010
Assuntos:
Tags: Adicionar Tag
Sem tags, seja o primeiro a adicionar uma tag!

MARC

LEADER 00000nam^a2200000^a^4500
001 000318554
005 20250521000000.0
008 120216 20102010
009 20260310113416.801
020 |a 978-607-7844-05-1 
037 |a Acervo ITESO - Biblioteca 
041 |a ESP 
082 |a 232. 917  |b MAY 
100 |a Mayer, Alicia  |e (autor) 
245 1 0 |a Flor de primavera mexicana :  |b la Virgen de Guadalupe en los sermones novohispanos /  |c A. Mayer ; presen. de J. Narro Robles ; pról. de J.R. de la Fuente. 
264 4 |a México :  |b UNAM, Instituto de Investigaciones Históricas :  |b GM Editores :  |b Espejo de Obsidiana,  |c 2010, c2010 
300 |a 261 p. 
336 |a texto  |b txt  |2 rdacontenido 
337 |a sin mediación  |b n  |2 rdamedio 
338 |a volumen  |b nc  |2 rdasoporte 
520 |a El título del libro remite al primer poema guadalupano de Sigüenza y Góngora llamado Primavera Indiana, pues de manera similar a la reivindicación que el entonces jesuita hace de la Virgen de Guadalupe como elemento constitutivo de la identidad temprana de los mexicano, así los sermones novohispanos sobre Guadalupe sirvieron también para la difusión de ese nuevo concepto de identidad que fundía un componente bíblico y otro indígena y aludía así a un ente por igual mestizo que católico. 
649 |a XX 
650 |a Virgen de Guadalupe -  |x Sermones -  |x Tema Principal 
650 |a Virgen de Guadalupe -  |x Tema Principal 
650 |a Virgen de Guadalupe -  |z México -  |x Culto 
650 |a Iglesia Católica en México -  |x Historia -  |y Epoca Colonial, 1517-1821 
650 |a Predicación -  |z México -  |x Historia -  |y Epoca Colonial, 1517-1821 
650 |a Identidad Nacional -  |z México -  |x Tema Principal 
650 |a Identidad Nacional -  |z México -  |x Historia -  |y Epoca Colonial, 1517-1821 
650 |a Sermones Mexicanos -  |x Tema Principal 
650 |a Literatura Mexicana -  |y Epoca Colonial, 1517-1821 
650 |a Literatura Religiosa -  |z México -  |x Historia -  |y Epoca Colonial, 1517-1821 
650 |a Literatura Religiosa -  |z México -  |x Historia y Crítica 
650 |a Catolicismo -  |z México -  |x Historia -  |y Epoca Colonial, 1517-1821 
650 |a Cristianismo -  |z México -  |x Historia -  |y Epoca Colonial, 1517-1821 
650 |a Religión -  |z México -  |x Historia -  |y Epoca Colonial, 1517-1821 
650 |a Política y Religión -  |z México -  |x Historia -  |y Epoca Colonial, 1517-1821 
650 |a México -  |x Historia -  |y Epoca Colonial, 1517-1821 
700 |a Narro Robles, José  |e (presentación) 
700 |a Fuente, Juan Ramón de la  |e (prólogo) 
910 |a Fondo General 
920 |a Impresos - Libros 
930 |a Reserva Especial 
905 |a 103 
901 |a 0500205736  |b IT1  |c REE  |i C126613  |u 20250521 
902 |a https://opac.biblio.iteso.mx/vufind/Record/000318554